000 00512nam a2200181Ia 4500
005 20250508155646.0
008 008 250505s9999 xx 000 0 eng d
037 _aTextual
040 _aFEDL
_beng
_cFEDL
041 _aeng
_2eng
084 _a370.78, ALI
_qFEDL
245 0 _aSynopses of research projects in education 1963
260 _aAligarh, India
_bDepartment of Education
_c1963
300 _a62p.
650 _aEducation
942 _cTEXL
_h370.78, ALI
999 _c1358592
_d1358592